00937 2200193 4500001002100000005001500021035002000036245006900056100001600125250001700141300002800158260003900186082001000225084001600235020002200251650001700273520043500290500001800725INLIS00000000000005020240320050541 a0010-03240000501 aAkhlak Kepada Allah :bThe Righteousness to Allah /cAli Muakhir0 aAli Muakhir acetakan ke-1 a32 hlm :bilus ;c18 cm aJakarta :bBumi Aksara Kids,c2009 a297.5 a297.5 ALI a a978-979-010-496-9 4aReligi Islam aDalam hidup, kalian harus saling menghormati dan menghargai. Semua itu ada tata caranya, yang diambil dari Quran dan hadis. Tata cara itulah yang disebut dengan akhlak atau etika. Kalian harus mengetahui bagaimana berakhlak pada Allah, Rasulullah, guru, orangtua, orang lain, dan pada diri sendiri. Dalam buku ini, akan dijelaskan bagaimana beretika kepada diri sendiri, dengan uraian yang jelas dan mudah dipahami oleh kalian. aSeri Muamalah